| 000 | 00720nam a2200229 i 4500 | ||
|---|---|---|---|
| 001 | 29979 | ||
| 003 | ES-MaACL | ||
| 005 | 20250920063035.0 | ||
| 007 | t| | ||
| 008 | 030123s1914 sp ||||1| spa d | ||
| 080 | _a929:75 Greco | ||
| 080 | _a913(460.285 T.) | ||
| 100 | 1 |
_aBarrès, Maurice, _d1862-1923 _925947 |
|
| 245 | 1 | 3 |
_aEl Greco o El secreto de Toledo / _cMaurice Barrés ; traducción y prólogo de Alberto Insúa. |
| 260 |
_aMadrid : _bRenacimiento, _c1914. |
||
| 300 |
_a214 p., [15] h. de lám. ; _c19 cm. |
||
| 600 | 0 | 4 |
_aEl Greco. _946893 |
| 651 | 4 |
_aToledo- _xDescripción. _99441 |
|
| 700 | 1 |
_aInsúa, Alberto, _d1885-1963 _965346 |
|
| 852 | 4 |
_aES-MaACL _jA-3934 |
|
| 999 |
_c29979 _d29979 |
||